000 00322nam a2200109Ia 4500
008 200302s9999 xx 000 0 und d
100 _aBranko Kolarevic & Other
245 _aManufacturing Material Effects:Rethinking Design and Making in Architecture
260 _bTaylor &Francis Group
260 _c2010
300 _a316 P.,
999 _c3257
_d3257